Ric Flair's opponents - Statistics

General Stats
  • This quiz has been taken 782 times
    589 since last reset
  • The average score is 94 of 273
Answer Stats
Answer % Correct
Hulk Hogan
92%
Shawn Michaels
88%
The Undertaker
88%
Bret "Hitman" Hart
86%
Randy Orton
86%
Sting
86%
Dusty Rhodes
84%
"Macho Man" Randy Savage
84%
The Giant
81%
Triple H
80%
Kane
79%
Steve Austin
78%
Arn Anderson
77%
Chris Benoit
77%
Chris Jericho
77%
"Cowboy" Bob Orton
77%
Kevin Nash
77%
The Rock
77%
Batista
76%
Dustin Rhodes
76%
Horace Hogan
76%
Edge
75%
Roddy Piper
75%
Scott Hall
75%
Lex Luger
73%
Mick Foley
73%
Ricky "The Dragon" Steamboat
73%
Eddie Guerrero
72%
Mr. Perfect
72%
Harley Race
71%
Ole Anderson
71%
Booker T
70%
Vince McMahon
70%
Scott Steiner
69%
The Ultimate Warrior
69%
Gene Anderson
67%
Rick Steiner
67%
Terry Funk
67%
Animal
66%
Chavo Guerrero Jr.
66%
Kurt Angle
66%
Andre the Giant
65%
Big Van Vader
65%
Goldberg
65%
Hawk
65%
Jerry "The King" Lawler
64%
Kerry Von Erich
64%
Rey Mysterio
63%
Ted Dibiase
63%
Christian
62%
Jake "The Snake" Roberts
61%
Dory Funk Jr.
60%
Kevin Von Erich
60%
"Ravishing" Rick Rude
60%
Barry Windham
59%
Davey Boy Smith
59%
Jeff Jarrett
59%
David Von Erich
58%
Ron Simmons
57%
Brian Pillman
56%
Greg "The Hammer" Valentine
56%
Mike Von Erich
56%
Tully Blanchard
56%
Brock Lesnar
55%
Kendall Windham
55%
Lord Steven Regal
55%
"Superfly" Jimmy Snuka
55%
Sgt. Slaughter
52%
Carlito
51%
Dean Malenko
50%
"Diamond" Dallas Page
50%
Nikita Koloff
50%
Tito Santana
50%
Bob Backlund
49%
Ivan Koloff
49%
Antonio Inoki
48%
"Hacksaw" Jim Duggan
48%
Jim "The Anvil" Neidhart
48%
Paul Orndorff
48%
Shelton Benjamin
48%
Buddy Rogers
47%
Rocky Johnson
47%
Junkyard Dog
46%
Marcus Alexander Bagwell
46%
Shane Douglas
46%
The Iron Sheik
46%
David Flair
45%
Eric Bischoff
45%
Michael "P.S." Hayes
45%
MVP
45%
Ricky Morton
45%
Rob Van Dam
45%
Sid Vicious
45%
"Superstar" Billy Graham
45%
Bobby Eaton
44%
Jack Brisco
44%
Konnan
44%
Mike Graham
44%
Bam Bam Bigelow
43%
Big Bossman
43%
Robert Gibson
43%
Ronnie Garvin
43%
Tommy Rogers
43%
Jimmy Garvin
42%
Larry "The Axe" Hennig
42%
Butch Reed
41%
Rick Martel
41%
Terry Gordy
40%
Umaga
40%
Billy Kidman
39%
Bruiser Brody
39%
Finlay
39%
Tommy Rich
39%
Wahoo McDaniel
39%
Jay Lethal
38%
Dave Sullivan
37%
Magnum T.A.
37%
The Great Muta
37%
Tony Atlas
37%
Chris Masters
36%
Chris Adams
35%
"Dr. Death" Steve Williams
35%
Mark Henry
35%
Marty Jannetty
35%
Stan Hansen
35%
Thunderbolt Patterson
35%
Vince Russo
35%
Carlos Colon
34%
Greg Gagne
34%
Syxx
34%
Terry Taylor
34%
Abyss
32%
Doug Williams
32%
Nick Bockwinkel
31%
Tatsumi Fujinami
31%
Big John Studd
30%
Dick Murdoch
30%
Dick Slater
30%
Trevor Murdoch
30%
Abdullah the Butcher
29%
Ken Kennedy
29%
Koko B. Ware
29%
Paul Jones
29%
Pedro Morales
29%
Rufus R. Jones
29%
Scott Norton
29%
Mike Rotundo
28%
Bob Armstrong
27%
Bob Holly
27%
Brad Armstrong
27%
Val Venis
27%
Scott Armstrong
26%
Alex Wright
25%
Bobo Brazil
25%
Dino Bravo
25%
Jesse Barr
25%
Jim Brunzell
25%
Masahiro Chono
25%
Mr. Wrestling
25%
Rocky King
25%
B. Brian Blair
24%
Buddy Landell
24%
Ken Patera
24%
The Hurricane
24%
Albert
23%
Scotty Riggs
23%
The Great Khali
23%
Buddy Rose
22%
Tom Zenk
22%
Eddie Gilbert
21%
Tatanka
21%
Jimmy Valiant
20%
Jules Strongbow
20%
Maven
20%
Genichiro Tenryu
19%
Jay Youngblood
19%
Jim Powers
19%
Rico
19%
Spirit Squad Kenny
19%
Gino Hernandez
18%
Johnny B. Badd
18%
Vampiro
18%
Blackjack Mulligan
17%
Billy Jack Haynes
16%
Eugene
16%
Steven Richards
16%
Ray Stevens
15%
Riki Choshu
15%
Ron Bass
15%
The Masked Supestar
15%
Austin Idol
14%
El Gigante
14%
Jerry Blackwell
14%
Johnny Nitro
14%
Disco Inferno
13%
Gene Kiniski
13%
Ivan Putski
13%
Mr. Wrestling II
13%
Rob Conway
13%
Steve Keirn
13%
Dutch Mantell
12%
Manny Fernandez
12%
Sam Houston
12%
Bobby Duncum
11%
Buzz Sawyer
11%
Baron Von Raschke
10%
Dick the Bruiser
10%
Johnny Ace
10%
Jumbo Tsuruta
10%
Killer Kowalski
10%
Shinya Hashimoto
10%
Swede Hanson
10%
The Great Kabuki
10%
Tyson Tomko
10%
"Wild" Bill Irwin
10%
Angelo Mosca
9%
Billy Robinson
9%
Don Kernodle
9%
"Iron" Mike Sharpe
9%
Jerry Lynn
9%
Matt Morgan
9%
Pat O'Connor
9%
Ron Fuller
9%
Spirit Squad Mikey
9%
Spirit Squad Mitch
9%
The Booty Man
9%
Tiger Mask
9%
Hiroshi Hase
8%
Jonathan Coachman
8%
King Kong
8%
Spirit Squad Johnny
8%
Doug Somers
7%
Miguel Perez Jr.
7%
Strong Kobayashi
7%
The Spoiler
7%
Tiger Jeet Singh
7%
Tim Horner
7%
George Wells
6%
Kensuke Sasaki
6%
Mr. Fuji
6%
"Sailor" Art Thomas
6%
Animal Hamaguchi
5%
Hiroyoshi Tenzan
5%
Pez Whatley
5%
Terry Gibbs
5%
Tom Prichard
5%
Yoshi Kwan
5%
Big Sky
4%
Bunkhouse Buck
4%
Joey Maggs
4%
Rene Goulet
4%
Rusher Kimura
4%
Scott Casey
4%
Scott McGhee
4%
Sivi Afi
4%
Craig Pittman
3%
Frenchy Martin
3%
Hard Boiled Haggerty
3%
Lizmark Jr.
3%
Nelson Royal
3%
Jose Lothario
2%
Jos LeDuc
2%
Kurasawa
2%
Les Thatcher
2%
Lord James Blears
2%
The Cuban Assassin
2%
Tiger Mask II
2%
Shiro Koshinaka
1%
Cousin Junior
0%
Curtis Thompson
0%
King Tonga
0%
Osamu Nishimura
0%
Red Bastien
0%
No matching quizzes found
Score Distribution
Percent of People with Each Score
Percentile by Number Answered
Your Score History
You have not taken this quiz since the last reset